000 00404 a2200145 4500
001 151864
040 _cEscola São Tomás de Aquino
100 _aSOUZA, Flávio de
240 1 0 _aChapeuzinho adormecia no país das maravilhas
_lpor
245 1 0 _aChapeuzinho adormecia no país das maravilhas
362 0 _a2005
440 1 _aFTD
697 _aContos de Fadas e Clássicos da Literatura
942 _cBK
999 _c151864
_d151864